00359nam a2200145Ia 45000030006000000080041000060400015000471000031000622450016000932500006001092600061001153000006001765460014001820050017001960STCL150530s9999 xx 000 0 und d aSTCLcSTCL aKuttippuzha Krishna Pillai aSahitheeyam a3 bSahitya Pravarthaka Co Operative Society ; Kottayac1958 a0 aMalayalam20220125171800.0